Incident suspect (Record no. 14049)
[ view plain ]
| 010 ## - Numéro international normalisé du livre (ISBN) | |
|---|---|
| ISBN | 9782842609894 |
| 099 ## - Visibilité opac | |
| notice masquée en opac | Non |
| 100 ## - Données générales de traitement | |
| Données générales de traitement | 20260326d u||y0frey50 ba |
| 200 ## - Titre et mention de responsabilité | |
| Titre propre | Incident suspect |
| Indication générale du type de document | Livre |
| 214 ## - Mentions de production, publication, diffusion et manufacture | |
| Nom de l’éditeur | éditions théâtrales |
| 323 ## - Nombre de personnages | |
| Texte de la note | 6 personnages |
| 330 ## - Résumé ou extrait | |
| Texte de la note | Adina Blum, cinquantenaire, poignarde son mari sans explication. Ses enfants, un poète aigri et une fille lesbienne, maquillent le crime en attentat et abandonnent le corps en territoires occupés. S'ensuivent une enquête douteuse et des alliances inattendues pour étouffer la vérité. Adina, elle, reste invisible, spectatrice de ce chaos familial. |
| 610 ## - Mot-clé | |
| Mot-clé | Enquête |
| -- | famille |
| 700 ## - Auteur principal | |
| Nom | Guil |
| Prénom | Noam |
| 000 -Etiquette de la notice | |
| Leader | 00735nam a2200169 4500 |
| 005 - Identifiant de la version | |
| Identifiant | 20260326111413.0 |
| Exclu du prêt | Date de création | Site actuel | Code barre | Date prix de remplacement | Cote | Statut | Site de rattachement | Type de document Koha |
|---|---|---|---|---|---|---|---|---|
| 26.03.2026 | Théâtre Joliette | JOL-007749 | 26.03.2026 | TH GUI 6 | Théâtre Joliette | Livre |